[Event "Terrassa op-B"]
[Site "Terrassa"]
[Date "1996.??.??"]
[Round "7"]
[White "Boada Barbe, Antoni"]
[Black "Dionisio Gutierrez, JM."]
[Result "1/2-1/2"]
[WhiteElo "1995"]
[BlackElo "1855"]
[PlyCount "58"]
[EventDate "1996.07.??"]
[EventType "swiss"]
[EventRounds "9"]
[EventCountry "ESP"]
[SourceTitle "EXT 2002"]
[Source "ChessBase"]
[SourceDate "2001.11.25"]
[SourceVersion "1"]
[SourceVersionDate "2001.11.25"]
[SourceQuality "1"]

1. Nf3 Nf6 2. b3 d5 3. Bb2 e6 4. e3 Nbd7 5. c4 c6 6. a3 Be7 7. d3 0-0 8. Be2 Qc7 9. d4 c5 10. Nbd2 cxd4 11. exd4 b6 12. cxd5 Nxd5 13. Rc1 Qd8 14. 0-0 Bb7 15. Re1 Rc8 16. Nc4 Bg5 17. Nxg5 Qxg5 18. Bf3 Ba8 19. Bxd5 Bxd5 20. Ne3 Bb7 21. Qg4 Qxg4 22. Nxg4 Rxc1 23. Rxc1 Rc8 24. Rxc8+ Bxc8 25. f3 Bb7 26. Kf2 Bd5 27. b4 b5 28. Ne3 Bb3 29. Ke1 Nf6 1/2-1/2